| 000 | 01280cam a22003374a 4500 | ||
|---|---|---|---|
| 001 | 14192262 | ||
| 003 | OSt | ||
| 005 | 20200509151629.0 | ||
| 008 | 051207s2006 miua b 001 0 eng | ||
| 010 | _a 2005035526 | ||
| 020 | _a1414406231 | ||
| 040 |
_aDLC _cDLC _dDLC |
||
| 042 | _apcc | ||
| 050 | 0 | 0 |
_aR724 _b.M313 2006 |
| 082 | 0 | 0 |
_a174.2 _222 |
| 245 | 0 | 0 |
_aMedicine, health, and bioethics : _bessential primary sources / _cK. Lee Lerner and Brenda Wilmoth Lerner, editors. |
| 260 |
_aDetroit : _bThomson/Gale, _cc2006. |
||
| 300 |
_alvii, 513 p. : _bill. ; _c29 cm. |
||
| 440 | 0 |
_aSocial issues primary sources collection _93275 |
|
| 504 | _aIncludes bibliographical references (p. 493-500) and index. | ||
| 546 | _aenglish | ||
| 650 | 0 |
_aMedical ethics _xHistory _vSources. _939059 |
|
| 650 | 0 |
_aBioethics _xHistory _vSources. _92568 |
|
| 650 | 0 |
_aMedicine _xHistory _vSources. _939060 |
|
| 700 | 1 |
_aLerner, K. Lee. _939061 |
|
| 700 | 1 |
_aLerner, Brenda Wilmoth. _939062 |
|
| 856 | 4 | 1 |
_uhttps://online.fliphtml5.com/lluzx/vaon/ _zцахимаар унших |
| 906 |
_a7 _bcbc _corignew _d1 _eecip _f20 _gy-gencatlg |
||
| 942 |
_2ddc _cEB |
||
| 999 |
_c17575 _d17575 |
||